000
00291nam a2200145Ia 4500
100
_a
ZIG ZIGLER
650
_a
General
942
_c
BK
366
_f
20
245
_a
SEE YOU AT THE TOP
260
_b
MANJUL PUBL.
_a
Bhopal
_c
2012
082
_a
170/ZIG
300
_a
476
546
_a
ENGLISH
999
_c
20642
_d
20642